000
00180nam a2200073Ia 4500
008
180219s9999 xx 000 0 und d
100
_a
Bhatia K K
245
0
_a
Foundation Of Education
260
_a
New Delhi Kalyani
999
_c
41322
_d
41322